000 00364nam a22001457a 4500
999 _c197381
_d197381
008 230822b ||||| |||| 00| 0 eng d
082 _aN-BON
100 _aBond, Ruskin
245 _aA Bond With Nature
_hEnglish
260 _aA.Delhi
_bA.I.C.B.
_cRohini
270 _aA.I.C.B. Rohini, Delhi
300 _a12x13
490 _v1-2
942 _2ddc
_cBRLEN
_kN
_mBON